Fr. Conceicao Rodrigues College of Engineering

Introduction to Biomedical equipment technology (Record no. 28364)

MARC details
000 -LEADER
fixed length control field 00422nam a2200181Ia 4500
082 ## - DEWEY DECIMAL CLASSIFICATION NUMBER
Classification number 610.28
Item number CAR
100 ## - MAIN ENTRY--PERSONAL NAME
Personal name Carr/Joseph J/ Brown/J.M
250 ## - EDITION STATEMENT
Edition statement 4
245 ## - TITLE STATEMENT
Title Introduction to Biomedical equipment technology
260 ## - PUBLICATION, DISTRIBUTION, ETC.
Name of publisher, distributor, etc. Pearson Education
Date of publication, distribution, etc. 2001
366 ## - TRADE AVAILABILITY INFORMATION
Publishers's discount category 25
300 ## - PHYSICAL DESCRIPTION
Extent 761
546 ## - LANGUAGE NOTE
Language note ENGLISH
650 ## - SUBJECT ADDED ENTRY--TOPICAL TERM
Topical term or geographic name entry element Biomedical
654 ## - SUBJECT ADDED ENTRY--FACETED TOPICAL TERMS
Focus term biomedical equipment technology
942 ## - ADDED ENTRY ELEMENTS (KOHA)
Koha item type BOOK
Holdings
Withdrawn status Lost status Damaged status Not for loan Collection Home library Current library Date acquired Source of acquisition Cost, normal purchase price Inventory number Total Checkouts Full call number Barcode Date last seen Cost, replacement price Price effective from Koha item type
        CRC Fr. Agnel's C.Rodrigues College of Engineering Fr. Agnel's C.Rodrigues College of Engineering 17/03/2023 Professional Book house 412.50 147 dt 23/12/2009   610.28 CAR 20254 17/03/2023 550.00   BOOK
        CRC Fr. Agnel's C.Rodrigues College of Engineering Fr. Agnel's C.Rodrigues College of Engineering 17/03/2023 Professional Book house 412.50 147 dt 23/12/2009   610.28 CAR 20255 17/03/2023 550.00   BOOK
        CRC Fr. Agnel's C.Rodrigues College of Engineering Fr. Agnel's C.Rodrigues College of Engineering 17/03/2023 Professional Book house 412.50 147 dt 23/12/2009   610.28 CAR 20256 17/03/2023 550.00   BOOK
        CRC Fr. Agnel's C.Rodrigues College of Engineering Fr. Agnel's C.Rodrigues College of Engineering 17/03/2023 Professional Book house 412.50 147 dt 23/12/2009   610.28 CAR 20257 17/03/2023 550.00   BOOK